000 00285nam a22001217a 4500
008 171017b xxu||||| |||| 00| 0 eng d
041 _aeng
080 _a331.101.262
100 _a52
101 _aBNJ
245 _aPERSPECTIVES IN CONSUMER BEHAVIOR
_cKASSARJIAN,H.H
942 _2udc
_cBK
999 _c34288
_d34288